| 000 | 00504nam a2200169 4500 | ||
|---|---|---|---|
| 001 | 126442 | ||
| 003 | ES-MaACL | ||
| 005 | 20250826083350.0 | ||
| 007 | t| | ||
| 008 | 070214m19311933sz r ||||1| fre d | ||
| 245 | 0 | 0 |
_aRecueil international de jurisprudencia du travail _b: 1930-1931. |
| 260 |
_aGenève : _bBureau International du Travail, _c1931-1933. |
||
| 300 |
_a2 v. ; _c25 cm. |
||
| 710 | 1 |
_aOficina Internacional del Trabajo _96023 |
|
| 852 |
_aES-MaACL _jC-7375-6 |
||
| 999 |
_c126442 _d126442 |
||